[Event "euyr2018"]
[Site "?"]
[Date "2018.05.27"]
[Round "9.19"]
[White "Blaha, Marek"]
[Black "Valko, Michal"]
[Result "0-1"]
[BlackElo "1262"]
[WhiteElo "1689"]
[LiveChessVersion "1.4.8"]

1. e4 {[%clk 0:20:18]} e6 {[%clk 0:20:19]} 2. d4 {[%clk 0:20:26]} d5
{[%clk 0:20:28]} 3. exd5 {[%clk 0:20:34]} exd5 {[%clk 0:20:37]} 4. Bd3
{[%clk 0:20:43]} Nf6 {[%clk 0:20:45]} 5. Bf4 {[%clk 0:20:50]} c6 {[%clk 0:20:44]}
6. Nf3 {[%clk 0:20:58]} Bg4 {[%clk 0:20:53]} 7. Nbd2 {[%clk 0:21:07]} Nbd7
{[%clk 0:21:02]} 8. h3 {[%clk 0:21:15]} Bh5 {[%clk 0:21:09]} 9. O-O
{[%clk 0:21:21]} Be7 {[%clk 0:20:47]} 10. Re1 {[%clk 0:21:02]} O-O
{[%clk 0:20:54]} 11. c4 {[%clk 0:20:06]} Re8 {[%clk 0:20:44]} 12. Qb3
{[%clk 0:20:08]} Qb6 {[%clk 0:20:44]} 13. Ne5 {[%clk 0:19:18]} Qxb3
{[%clk 0:19:49]} 14. Nxb3 {[%clk 0:19:14]} Nxe5 {[%clk 0:19:32]} 15. Rxe5
{[%clk 0:19:20]} Bf8 {[%clk 0:17:30]} 16. Rae1 {[%clk 0:19:06]} Rxe5
{[%clk 0:16:00]} 17. Rxe5 {[%clk 0:18:58]} Bg6 {[%clk 0:14:43]} 18. Bxg6
{[%clk 0:18:21]} hxg6 {[%clk 0:14:53]} 19. c5 {[%clk 0:18:18]} Ne4
{[%clk 0:14:32]} 20. f3 {[%clk 0:17:21]} f6 {[%clk 0:14:12]} 21. fxe4
{[%clk 0:16:43]} fxe5 {[%clk 0:14:21]} 22. Bxe5 dxe4 {[%clk 0:14:13]} 23. Nd2
{[%clk 0:16:55]} e3 {[%clk 0:13:38]} 24. Nc4 {[%clk 0:17:04]} Re8
{[%clk 0:13:42]} 25. Nxe3 {[%clk 0:17:06]} Bxc5 {[%clk 0:13:33]} 26. Nc4
{[%clk 0:16:46]} Rxe5 {[%clk 0:13:40]} 27. Nxe5 {[%clk 0:16:55]} Bxd4+
{[%clk 0:13:49]} 0-1

[Event "euyr2018"]
[Site "?"]
[Date "2018.05.27"]
[Round "9.20"]
[White "Saraev, Yaroslav"]
[Black "Petrek, David"]
[Result "1-0"]
[BlackElo "1481"]
[WhiteElo "1666"]
[LiveChessVersion "1.4.8"]

1. Nf3 {[%clk 0:20:10]} Nf6 {[%clk 0:20:02]} 2. c4 {[%clk 0:20:26]} c6
{[%clk 0:20:03]} 3. b3 {[%clk 0:20:26]} d5 {[%clk 0:20:10]} 4. Bb2
{[%clk 0:20:35]} e6 {[%clk 0:20:04]} 5. g3 {[%clk 0:20:18]} g6 {[%clk 0:19:46]}
6. Bg2 {[%clk 0:20:20]} Bg7 {[%clk 0:19:52]} 7. O-O {[%clk 0:20:21]} O-O
{[%clk 0:20:00]} 8. d3 {[%clk 0:20:20]} Nbd7 {[%clk 0:19:57]} 9. Nbd2
{[%clk 0:19:33]} b5 {[%clk 0:19:20]} 10. Ba3 {[%clk 0:12:47]} Re8
{[%clk 0:19:22]} 11. cxb5 {[%clk 0:12:54]} cxb5 {[%clk 0:19:25]} 12. Nd4
{[%clk 0:13:00]} Qb6 {[%clk 0:18:15]} 13. e3 {[%clk 0:10:38]} Ba6
{[%clk 0:16:29]} 14. b4 {[%clk 0:09:54]} Rac8 {[%clk 0:13:01]} 15. Rc1
{[%clk 0:08:50]} Rxc1 {[%clk 0:12:14]} 16. Qxc1 {[%clk 0:08:59]} Rc8
{[%clk 0:12:23]} 17. Qb1 {[%clk 0:09:07]} Ng4 {[%clk 0:11:37]} 18. N2b3
{[%clk 0:07:24]} Nge5 {[%clk 0:11:24]} 19. Nc5 {[%clk 0:05:04]} Nb8
{[%clk 0:08:57]} 20. Rc1 {[%clk 0:04:28]} Nbc6 {[%clk 0:08:19]} 21. h3
{[%clk 0:04:06]} Nxd4 {[%clk 0:08:09]} 22. exd4 {[%clk 0:04:15]} Nc6
{[%clk 0:08:18]} 23. Qb3 {[%clk 0:01:22]} Nxd4 24. Qd1 Bb7 {[%clk 0:05:37]} 25.
Kh2 {[%clk 0:00:26]} Nc6 {[%clk 0:02:25]} 26. Rc2 {[%clk 0:00:23]} a5
{[%clk 0:02:11]} 27. bxa5 {[%clk 0:00:15]} Nxa5 {[%clk 0:02:20]} 28. Bb4
{[%clk 0:00:13]} Nc6 {[%clk 0:02:20]} 29. a3 {[%clk 0:00:16]} Nd4
{[%clk 0:02:24]} 30. Rc1 {[%clk 0:00:22]} Bf8 {[%clk 0:02:25]} 31. Nd7
{[%clk 0:00:26]} Qd8 {[%clk 0:02:35]} 32. Nxf8 {[%clk 0:00:28]} Qxf8
{[%clk 0:02:37]} 33. Bxf8 {[%clk 0:00:37]} 1-0

[Event "euyr2018"]
[Site "?"]
[Date "2018.05.27"]
[Round "9.21"]
[White "Sowinski, Maciej"]
[Black "Turcan, Richard"]
[Result "0-1"]
[BlackElo "1943"]
[WhiteElo "1415"]
[LiveChessVersion "1.4.8"]

1. e4 {[%clk 0:20:18]} c5 {[%clk 0:20:20]} 2. Nf3 {[%clk 0:20:24]} Nc6
{[%clk 0:20:28]} 3. d4 {[%clk 0:20:30]} cxd4 {[%clk 0:20:37]} 4. Nxd4
{[%clk 0:20:39]} g6 {[%clk 0:20:46]} 5. Be3 {[%clk 0:20:46]} Bg7 {[%clk 0:20:55]}
6. c3 {[%clk 0:20:35]} Nf6 {[%clk 0:20:55]} 7. Bd3 {[%clk 0:20:42]} d6
{[%clk 0:20:54]} 8. h3 {[%clk 0:20:44]} O-O {[%clk 0:20:51]} 9. O-O
{[%clk 0:20:44]} Bd7 {[%clk 0:20:50]} 10. Nd2 {[%clk 0:20:39]} Rc8
{[%clk 0:20:38]} 11. N2b3 {[%clk 0:20:38]} Ne5 {[%clk 0:20:33]} 12. f3
{[%clk 0:16:02]} a6 {[%clk 0:19:09]} 13. Be2 {[%clk 0:14:33]} Nc4
{[%clk 0:18:53]} 14. Bxc4 {[%clk 0:14:10]} Rxc4 {[%clk 0:19:00]} 15. Qe2
{[%clk 0:13:38]} b5 {[%clk 0:17:43]} 16. Qf2 {[%clk 0:12:07]} Qb8
{[%clk 0:16:32]} 17. Na5 {[%clk 0:10:52]} Rc7 {[%clk 0:15:59]} 18. Ndb3
{[%clk 0:11:01]} Be6 {[%clk 0:15:39]} 19. Rfd1 {[%clk 0:10:10]} Nd7
{[%clk 0:15:16]} 20. Rd2 {[%clk 0:09:52]} b4 {[%clk 0:14:18]} 21. cxb4
{[%clk 0:08:51]} Qxb4 {[%clk 0:14:01]} 22. Rc2 {[%clk 0:08:22]} Rfc8
{[%clk 0:13:02]} 23. Rac1 {[%clk 0:08:12]} Rxc2 {[%clk 0:13:09]} 24. Rxc2
{[%clk 0:08:21]} Rxc2 {[%clk 0:13:18]} 25. Qxc2 {[%clk 0:07:57]} Qe1+
{[%clk 0:13:26]} 26. Kh2 {[%clk 0:07:55]} Qxe3 {[%clk 0:13:34]} 27. Qc8+
{[%clk 0:07:26]} Nf8 {[%clk 0:13:37]} 28. Qxa6 {[%clk 0:07:01]} Be5+
{[%clk 0:13:36]} 29. g3 {[%clk 0:07:10]} Qf2+ {[%clk 0:13:37]} 30. Kh1
{[%clk 0:07:18]} Bxg3 {[%clk 0:13:29]} 31. Qe2 {[%clk 0:07:09]} Qxe2
{[%clk 0:13:32]} 32. Kg1 {[%clk 0:07:15]} Bxh3 {[%clk 0:13:30]} 33. Nd4
{[%clk 0:07:21]} Qd1# 0-1

[Event "euyr2018"]
[Site "?"]
[Date "2018.05.27"]
[Round "9.22"]
[White "Mach, Petr"]
[Black "Kostelansky, Karol"]
[Result "0-1"]
[BlackElo "1311"]
[WhiteElo "1683"]
[LiveChessVersion "1.4.8"]

1. Nf3 {[%clk 0:20:19]} Nf6 {[%clk 0:20:14]} 2. g3 {[%clk 0:20:27]} g6
{[%clk 0:20:20]} 3. Bg2 {[%clk 0:20:36]} Bg7 {[%clk 0:20:29]} 4. O-O
{[%clk 0:20:45]} O-O {[%clk 0:20:30]} 5. d4 {[%clk 0:20:54]} d5 {[%clk 0:20:16]}
6. c4 {[%clk 0:21:03]} Bg4 {[%clk 0:19:51]} 7. Nc3 {[%clk 0:21:03]} e6
{[%clk 0:19:52]} 8. Ne5 {[%clk 0:20:36]} Nbd7 {[%clk 0:19:16]} 9. Nxg4
{[%clk 0:20:43]} Nxg4 {[%clk 0:19:17]} 10. cxd5 {[%clk 0:20:51]} exd5
{[%clk 0:18:13]} 11. Nxd5 {[%clk 0:20:43]} c6 {[%clk 0:17:53]} 12. e3
{[%clk 0:20:49]} Ngf6 {[%clk 0:15:49]} 13. Nxf6+ {[%clk 0:20:56]} Nxf6
{[%clk 0:15:55]} 14. Qb3 {[%clk 0:20:47]} Qd7 {[%clk 0:14:23]} 15. Bd2
{[%clk 0:20:49]} Rad8 {[%clk 0:13:57]} 16. Rac1 {[%clk 0:20:36]} Rfe8
{[%clk 0:13:42]} 17. Ba5 {[%clk 0:20:33]} Rc8 {[%clk 0:13:23]} 18. Rfd1
{[%clk 0:20:35]} b6 {[%clk 0:11:24]} 19. Be1 {[%clk 0:20:27]} Red8
{[%clk 0:11:12]} 20. Qa4 {[%clk 0:20:01]} c5 {[%clk 0:09:48]} 21. Qxd7
{[%clk 0:20:06]} Nxd7 {[%clk 0:09:57]} 22. dxc5 {[%clk 0:19:23]} Nxc5
{[%clk 0:09:50]} 23. b4 {[%clk 0:18:30]} Na4 {[%clk 0:08:15]} 24. Bf3
{[%clk 0:17:05]} Nb2 {[%clk 0:07:32]} 25. Rxd8+ {[%clk 0:17:02]} Rxd8
{[%clk 0:07:38]} 26. b5 {[%clk 0:15:14]} Nd3 {[%clk 0:06:25]} 27. Rd1
{[%clk 0:15:14]} Bf6 {[%clk 0:06:34]} 28. Bd2 {[%clk 0:13:57]} Nb2
{[%clk 0:06:18]} 29. Bc3 {[%clk 0:14:03]} Rxd1+ {[%clk 0:06:11]} 30. Bxd1
{[%clk 0:14:10]} Bxc3 {[%clk 0:06:20]} 31. Bb3 {[%clk 0:14:13]} Nd3
{[%clk 0:06:05]} 32. Kf1 {[%clk 0:14:12]} Nc5 {[%clk 0:06:10]} 33. Bc2
{[%clk 0:14:15]} Kf8 {[%clk 0:06:04]} 34. Ke2 {[%clk 0:14:23]} Ke7
{[%clk 0:06:08]} 35. e4 {[%clk 0:14:27]} Ke6 {[%clk 0:05:23]} 36. f4
{[%clk 0:14:36]} f6 {[%clk 0:05:10]} 37. h4 {[%clk 0:13:54]} Kd6 {[%clk 0:04:42]}
38. g4 {[%clk 0:12:43]} Ne6 {[%clk 0:04:20]} 39. Kd3 {[%clk 0:12:32]} Bb4
{[%clk 0:04:08]} 40. f5 {[%clk 0:12:21]} Nf4+ {[%clk 0:03:06]} 41. Ke3
{[%clk 0:10:19]} Ng2+ {[%clk 0:02:53]} 42. Kf2 {[%clk 0:10:28]} Nxh4
{[%clk 0:03:01]} 43. Kg3 {[%clk 0:10:37]} Be1+ {[%clk 0:03:10]} 44. Kh3
{[%clk 0:10:46]} Ke5 {[%clk 0:02:57]} 45. fxg6 {[%clk 0:10:35]} hxg6
{[%clk 0:02:45]} 46. a4 {[%clk 0:10:27]} f5 {[%clk 0:02:47]} 47. gxf5
{[%clk 0:10:08]} gxf5 {[%clk 0:02:53]} 48. exf5 {[%clk 0:10:16]} Nxf5
{[%clk 0:03:00]} 49. Bb3 {[%clk 0:10:16]} Kd4 {[%clk 0:02:49]} 50. Kg4
{[%clk 0:10:24]} Ne3+ {[%clk 0:02:42]} 51. Kf3 {[%clk 0:10:33]} Nd5
{[%clk 0:02:42]} 52. Ke2 {[%clk 0:10:30]} Ba5 {[%clk 0:02:26]} 53. Kd1
{[%clk 0:10:30]} Nc3+ {[%clk 0:02:30]} 54. Kc2 {[%clk 0:10:34]} Kc5
{[%clk 0:02:38]} 55. Kd3 {[%clk 0:10:17]} Kb4 {[%clk 0:02:39]} 56. Bc2
{[%clk 0:10:27]} Nxa4 {[%clk 0:02:44]} 0-1

[Event "euyr2018"]
[Site "?"]
[Date "2018.05.27"]
[Round "9.23"]
[White "Ret, Adam Josef"]
[Black "Datelova, Daniela"]
[Result "1-0"]
[BlackElo "1291"]
[WhiteElo "1675"]
[LiveChessVersion "1.4.8"]

1. d4 {[%clk 0:20:19]} d5 {[%clk 0:20:19]} 2. c4 {[%clk 0:20:28]} c6
{[%clk 0:20:28]} 3. Nc3 {[%clk 0:20:35]} e6 {[%clk 0:20:34]} 4. e3
{[%clk 0:20:42]} Nf6 {[%clk 0:20:41]} 5. Nf3 {[%clk 0:20:49]} Nbd7
{[%clk 0:20:45]} 6. Bd3 {[%clk 0:20:56]} g6 {[%clk 0:20:52]} 7. O-O
{[%clk 0:21:03]} Bg7 {[%clk 0:21:01]} 8. b3 {[%clk 0:21:02]} O-O {[%clk 0:21:08]}
9. Bb2 {[%clk 0:21:11]} b6 {[%clk 0:21:07]} 10. Rc1 {[%clk 0:21:19]} Bb7
{[%clk 0:21:15]} 11. Qe2 {[%clk 0:21:16]} Rc8 {[%clk 0:21:21]} 12. Rfd1
{[%clk 0:21:15]} c5 {[%clk 0:20:08]} 13. cxd5 {[%clk 0:21:12]} exd5
{[%clk 0:20:14]} 14. dxc5 {[%clk 0:21:14]} Nxc5 {[%clk 0:20:00]} 15. Bb1
{[%clk 0:21:17]} Ne6 {[%clk 0:19:43]} 16. Qd2 {[%clk 0:19:01]} Qd7
{[%clk 0:19:07]} 17. Ne2 {[%clk 0:18:36]} Rxc1 {[%clk 0:18:38]} 18. Rxc1
{[%clk 0:18:33]} Rd8 {[%clk 0:18:26]} 19. Ned4 {[%clk 0:18:18]} Ne4
{[%clk 0:17:05]} 20. Qe2 {[%clk 0:17:39]} N6c5 {[%clk 0:14:25]} 21. Bd3
{[%clk 0:15:16]} Rc8 {[%clk 0:14:04]} 22. Bb5 {[%clk 0:14:42]} Qd8
{[%clk 0:13:20]} 23. b4 {[%clk 0:13:27]} Ne6 {[%clk 0:11:55]} 24. Qd1
{[%clk 0:12:12]} a6 {[%clk 0:11:12]} 25. Bd3 {[%clk 0:12:07]} b5 {[%clk 0:10:41]}
26. Ba1 {[%clk 0:07:56]} Rc7 {[%clk 0:09:55]} 27. Nxe6 {[%clk 0:07:40]} fxe6
{[%clk 0:09:55]} 28. Bxg7 {[%clk 0:06:33]} Kxg7 {[%clk 0:09:55]} 29. Bxe4
{[%clk 0:06:10]} Rxc1 {[%clk 0:09:56]} 30. Qxc1 {[%clk 0:06:16]} dxe4
{[%clk 0:10:05]} 31. Nd4 {[%clk 0:06:06]} Bd5 {[%clk 0:10:01]} 32. Qc3
{[%clk 0:05:52]} Kf7 {[%clk 0:09:46]} 33. a3 {[%clk 0:05:41]} Bc4
{[%clk 0:09:30]} 34. h3 {[%clk 0:04:14]} Qd7 {[%clk 0:09:22]} 35. Qc2
{[%clk 0:03:24]} Bd5 {[%clk 0:09:10]} 36. Qc5 {[%clk 0:02:56]} h5
{[%clk 0:08:20]} 37. Qc2 {[%clk 0:02:22]} Kg7 {[%clk 0:05:32]} 38. Nb3
{[%clk 0:01:53]} Kf7 {[%clk 0:03:21]} 39. Nc5 {[%clk 0:01:58]} Qc6
{[%clk 0:03:27]} 40. Qb2 {[%clk 0:01:55]} Qc8 {[%clk 0:01:31]} 41. Qe5
{[%clk 0:01:55]} Qc6 {[%clk 0:01:23]} 42. Qf4+ {[%clk 0:01:36]} Kg7
{[%clk 0:01:19]} 43. Qe5+ {[%clk 0:01:36]} Kf7 {[%clk 0:01:24]} 44. Qh8
{[%clk 0:01:39]} Bc4 {[%clk 0:00:35]} 45. Qh7+ {[%clk 0:01:40]} Kf6
{[%clk 0:00:31]} 46. Nd7+ {[%clk 0:01:19]} Kf5 {[%clk 0:00:16]} 47. Qf7+
{[%clk 0:01:21]} Kg5 {[%clk 0:00:21]} 48. Qf4# 1-0

[Event "euyr2018"]
[Site "?"]
[Date "2018.05.27"]
[Round "9.24"]
[White "Kossuth, Tomas"]
[Black "Sosovickova, Jana"]
[Result "0-1"]
[BlackElo "1515"]
[WhiteElo "1277"]
[LiveChessVersion "1.4.8"]

1. e4 {[%clk 0:20:19]} e5 {[%clk 0:20:19]} 2. Nf3 {[%clk 0:20:27]} Nc6
{[%clk 0:20:27]} 3. Nc3 {[%clk 0:20:31]} Nf6 {[%clk 0:20:27]} 4. Bc4
{[%clk 0:20:21]} Nxe4 {[%clk 0:19:53]} 5. Bxf7+ {[%clk 0:20:03]} Kxf7
{[%clk 0:19:24]} 6. Nxe4 {[%clk 0:20:11]} Be7 {[%clk 0:18:51]} 7. d4
{[%clk 0:19:22]} d6 {[%clk 0:16:18]} 8. d5 {[%clk 0:17:11]} Nb8 {[%clk 0:15:18]}
9. Bg5 {[%clk 0:13:14]} Rf8 {[%clk 0:14:27]} 10. Bxe7 {[%clk 0:12:05]} Qxe7
{[%clk 0:14:23]} 11. Nfg5+ {[%clk 0:11:15]} Kg8 {[%clk 0:14:17]} 12. h3
{[%clk 0:09:22]} h6 {[%clk 0:12:40]} 13. Nf3 {[%clk 0:08:48]} Bf5
{[%clk 0:12:22]} 14. Qe2 {[%clk 0:07:30]} Bxe4 {[%clk 0:10:12]} 15. Qxe4
{[%clk 0:07:37]} Nd7 {[%clk 0:10:06]} 16. O-O-O {[%clk 0:06:36]} Nc5
{[%clk 0:09:31]} 17. Qe3 {[%clk 0:05:50]} a5 {[%clk 0:09:05]} 18. Nd2
{[%clk 0:04:35]} b5 {[%clk 0:08:35]} 19. f3 {[%clk 0:03:26]} b4 {[%clk 0:07:51]}
20. Nb3 {[%clk 0:03:28]} Nxb3+ {[%clk 0:06:56]} 21. Qxb3 {[%clk 0:03:35]} Rfb8
{[%clk 0:06:49]} 22. Qa4 {[%clk 0:01:32]} Qg5+ {[%clk 0:05:38]} 23. Rd2
{[%clk 0:01:32]} Qe3 {[%clk 0:05:09]} 24. Qb3 {[%clk 0:00:54]} Qc5
{[%clk 0:04:44]} 25. Re1 {[%clk 0:00:35]} a4 {[%clk 0:04:48]} 26. Qe3
{[%clk 0:00:22]} Qc4 27. b3 axb3 {[%clk 0:04:40]} 28. Qxb3 {[%clk 0:00:24]} Qb5
{[%clk 0:04:14]} 29. Qd3 {[%clk 0:00:24]} Rxa2 {[%clk 0:04:12]} 30. Qxb5
{[%clk 0:00:32]} Rxb5 {[%clk 0:04:20]} 31. Kb1 {[%clk 0:00:41]} Rba5
{[%clk 0:04:19]} 32. Red1 {[%clk 0:00:48]} R2a3 {[%clk 0:04:15]} 33. Rd3
{[%clk 0:00:48]} R3a4 {[%clk 0:03:46]} 34. Kb2 {[%clk 0:00:25]} Ra3
{[%clk 0:03:24]} 35. Re1 {[%clk 0:00:18]} Rxd3 {[%clk 0:03:29]} 36. cxd3
{[%clk 0:00:26]} Rxd5 {[%clk 0:03:29]} 37. Re4 {[%clk 0:00:35]} c5
{[%clk 0:03:38]} 38. Re3 {[%clk 0:00:20]} Kf7 {[%clk 0:03:38]} 39. Kb3
{[%clk 0:00:28]} Rd4 {[%clk 0:03:46]} 40. Ka4 Ke6 41. g3 {[%clk 0:00:14]} g5
{[%clk 0:03:51]} 42. Kb3 {[%clk 0:00:11]} 0-1